| 000 | 00958nam a2200313 a 4500 | ||
|---|---|---|---|
| 008 | |||
| 020 | _a9781473902190 (paperback) | ||
| 040 |
_aNUST _cNUST |
||
| 049 | _aMAIN | ||
| 090 |
_aHV6158 _bSIL |
||
| 100 | 1 | _aSilvestri, Marisa. | |
| 245 | 1 | 0 |
_aGender and Crime: _ba human rights approach / _cSilvestri, Marisa and Crowther-Dowey Chris. |
| 260 |
_aLondon : _bSAGE, _c2016 |
||
| 300 | _aSecond Edition. | ||
| 300 |
_axv, 349 pages : _billustraions, _c24 cm |
||
| 336 |
_atext _btxt _2rdacontent |
||
| 337 |
_aunmediated _bn _2rdamedia |
||
| 338 |
_avolume _bnc _2rdacarrier |
||
| 504 | _aIncludes bibliographical references. | ||
| 500 | _aIncludes index. | ||
| 650 | _aCriminology. | ||
| 650 | 1 | _aHuman Rights. | |
| 650 | _aCriminology. | ||
| 700 | _aCrowther-Dowey Chris. | ||
| 907 |
_a.b10408460 _b25-08-21 _c25-08-21 |
||
| 003 | |||
| 005 | 20230120144503.0 | ||
| 942 |
_cBOOKS _kHV6158 _mSIL |
||
| 999 |
_c97743 _d97743 |
||